Filmy týždňa keď víťazí mravnosť

Bibliographic Details
Main Author: Kincelová, Emília (Author)
Format: Article
Language:Slovak
PhysicalDescription:Fotogr. 2
Subjects:

MARC

LEADER 00000nab a2200000 a 4500
001 vtls000512601
003 SK-MaSNL
005 20260304002915.0
008 120927c1994 xo 0 slo
015 |a SNBRB19rr/mm-uuuuu 
035 |a CL0512739 
040 |a SNKBUCL  |b slo  |c SNKBUCL  |e AACR2 
041 0 |a slo 
044 |a xo  |c SK 
080 |a 791.43(73)  |2 1981 
100 1 |a Kincelová, Emília  |4 aut  |9 845375 
245 1 0 |a Filmy týždňa  |b keď víťazí mravnosť  |c Emília Kincelová 
300 |b Fotogr. 2 
500 |a Réžia Steven Spielberg 
630 0 7 |a Schindlerov zoznam (film)  |2 snkbucl  |9 833280 
650 0 7 |a americké filmy  |2 snkbucl  |9 847461 
655 7 |a recenzie  |2 snkbucl  |9 21907 
655 7 |a články z novín a časopisov  |2 snkbucl  |9 267496 
773 0 |t Práca  |g Roč. 49, č. 64 (18. 3. 1994), s. 4 
850 |a Slovenská národná knižnica v Martine  |a MTA001 
852 |a SNK  |b KIS3GCP 
958 |a RK 
992 |a RBX 
999 |c 2544452  |d 2546382